| 000 | 03276nam0a2200397 4500 | ||
|---|---|---|---|
| 001 | RU\NLR\BIBL_A\022207627 | ||
| 005 | 20240716131347.0 | ||
| 010 |
_a978-5-00208-088-5 _9500 |
||
| 021 |
_aRU _bКН-П-24-014200 _9КН-П-24-1482 |
||
| 035 | _a(NLR Aleph) 022207627 | ||
| 090 |
_a13063619 _c13063619 |
||
| 100 | _a20240425d2024 k y0rusy50 ca | ||
| 101 | 0 | _arus | |
| 102 | _aRU | ||
| 105 | _aa z 010yy | ||
| 181 | 0 |
_ai _baxxe |
|
| 182 | 0 | _an | |
| 200 | 1 |
_aСпорт, этика, политика _eсборник научных статей Всероссийской с международным участием научно-практической конференции (1-2 февраля 2024 г.) _e45 лет со дня основания академии _fМинистерство спорта Российской Федерации, Федеральное государственное бюджетное образовательное учреждение высшего образования "Воронежская государственная академия спорта", Учреждение образования "Гомельский государственный университет имени Франциска Скорины", Учреждение образования "Витебский государственный университет имени П. М. Машерова", Учреждение образования "Белорусский государственный университет физической культуры" _gредакционная коллегия: Сысоев А. В. - к.п.н., проф. [и др.] |
|
| 203 |
_aТекст _bвизуальный _cнепосредственный |
||
| 210 |
_aМосква _cРитм _d2024 |
||
| 215 |
_a283 с. _cил. _d20 |
||
| 320 | _aБиблиогр. в конце ст. | ||
| 606 | 1 |
_aФизическая культура и спорт _jСъезды, совещания и т.п _2nlr_sh1 _2nlr_sh2 _3RU\NLR\AUTH\6612378 |
|
| 606 | 1 |
_aФизическое воспитание _jСъезды, совещания и т.п _2nlr_sh1 _2nlr_sh2 _3RU\NLR\AUTH\66240296 |
|
| 606 | 1 |
_aДуховно-нравственное воспитание _jСъезды, совещания и т.п _2nlr_sh2 _3RU\NLR\AUTH\661472659 |
|
| 686 | 1 | _aЧ51я431 | |
| 686 | 1 | _aЧ313.5я431 | |
| 702 | 1 |
_aСысоев _bА. В. _cобществ. деятель, канд. пед. наук _f1965- _gАлександр Владимирович _3RU\NLR\AUTH\7786915 _4340 |
|
| 711 | 1 | 2 |
_a"Спорт, этика, политика", всероссийская (с международным участием) научно-практическая конференция _f2024 _eВоронеж _3RU\NLR\AUTH\880609385 |
| 712 | 0 | 2 |
_aВоронежская государственная академия спорта _3RU\NLR\AUTH\880578728 _4557 |
| 712 | 0 | 2 |
_aГомельский государственный университет им. Ф. Скорины _3RU\NLR\AUTH\8810046287 _4570 |
| 942 | _cBOOK | ||
| 980 | _aNB | ||